000 00355nam a22001697a 4500
003 UA-OsUOA
001 3927
007 ta
008 20050721b un ||||| |||| 00| 0 ukr d
100 _aМатукайтес
700 _aЗ. В.
942 _cBK
040 _aUA-OsUOA
_cUA-OsUOA
_dUA-OsUOA
245 _aSpoken English.
955 _a2
650 7 _2UDC
999 _c290089
_d290089